[Event "Canadian op"]
[Site "Windsor"]
[Date "1991.07.13"]
[Round "1"]
[White "Vasovic, Michael"]
[Black "Brodie, Hugh"]
[Result "0-1"]
[WhiteElo "1533"]
[BlackElo "2030"]
[PlyCount "112"]
[EventDate "1991.07.13"]
[EventType "swiss"]
[EventRounds "10"]
[EventCountry "CAN"]
[SourceTitle "EXT 2022"]
[Source "ChessBase"]
[SourceDate "2021.10.06"]
[SourceVersion "1"]
[SourceVersionDate "2021.10.06"]
[SourceQuality "1"]

1. e4 c5 2. Nf3 Nc6 3. d4 cxd4 4. Nxd4 g6 5. Nxc6 bxc6 6. Nc3 Bg7 7. Bd2 d6 8. Bc4 Nf6 9. 0-0 0-0 10. Qf3 Qc7 11. Rfe1 Ng4 12. Bb3 Ne5 13. Qe2 a5 14. a4 Ba6 15. Qd1 Nc4 16. Bxc4 Bxc4 17. b3 Be6 18. Rb1 d5 19. exd5 Bxd5 20. Nxd5 cxd5 21. Re2 Rfc8 22. Bc1 e6 23. Bb2 Bxb2 24. Rxb2 Qc3 25. Rb1 Ra6 26. Qd3 Qxd3 27. cxd3 Rc3 28. Rd2 Rb6 29. Rdb2 Rxd3 30. Kf1 Kf8 31. Ke2 Rc3 32. b4 Rxb4 33. Rxb4 axb4 34. Rxb4 Ra3 35. Rb8+ Ke7 36. Rb7+ Kf6 37. Ra7 e5 38. Ra6+ Kf5 39. Ra7 f6 40. Rxh7 Rxa4 41. Rb7 Ke4 42. f3+ Kd4 43. Rb2 Kc3 44. Rb6 Ra2+ 45. Kf1 Kd3 46. Rxf6 Ke3 47. g4 Rxh2 48. Kg1 Ra2 49. g5 d4 50. Rxg6 d3 51. Rd6 d2 52. g6 Ra1+ 53. Kg2 d1Q 54. Rxd1 Rxd1 55. g7 Rd8 56. Kh3 Rg8 0-1